Name a Valid Number 1 Hit (UK) #2 - Statistics

General Stats
  • This quiz has been taken 186 times
  • The average score is 8 of 20
Answer Stats
Name a Number 1 song by... Answers % Correct
Katy Perry I Kissed a Girl | California Gurls | Part of Me | Roar | Feels
92%
Bruno Mars Nothin’ on You | Just the Way You Are | Grenade | The Lazy Song | UpTown Funk!
80%
Lady Gaga Just Dance | Poker Face | Bad Romance | Telephone | Shallow | Rain on Me
79%
Britney Spears … Baby One More Time | Born to Make You Happy | Oops! … I Did It Again | Toxic | Everytime | Scream & Shout
69%
Coldplay Viva la Vida | Paradise
61%
Beyoncé (not counting Destiny’s Child) Crazy in Love | Déjà Vu | Beautiful Liar | If I Were a Boy | Telephone
49%
George Michael (not counting Wham!) Careless Whisper | A Different Corner | I Knew You Were Waiting (For Me) | Don’t Let the Sun Go Down on Me | Jesus to a Child | Fastlove
48%
Kanye West Stronger | American Boy | Run This Town
46%
Backstreet Boys I Want It That Way
44%
Bee Gees Massachusetts | I’ve Gotta Get a Message to You | Night Fever | Tragedy | You Win Again
38%
Jay-Z Crazy in Love | Déjà Vu | Umbrella | Run This Town
37%
Simon & Garfunkel Bridge over Troubled Water
34%
Rod Stewart Reason to Believe | You Wear It Well | Sailing | I Don’t Want to Talk About It/The First Cut Is the Deepest | Da Ya Think I’m Sexy? | Baby Jane | Everybody Hurts
34%
Donna Summer I Feel Love
26%
Olivia Newton-John You’re the One That I Want | Summer Nights | Xanadu
25%
Fleetwood Mac Albatross
14%
Kenny Rogers Lucille | Coward of the County
14%
Prince The Most Beautiful Girl in the World
10%
Julio Iglesias Begin the Beguine (Volver a empezar)
9%
Eric Clapton Love Can Build a Bridge
6%
No matching quizzes found
Score Distribution
Percent of People with Each Score
Percentile by Number Answered
Your Score History
You have not taken this quiz